| 000 | 00858cam a22002651 4500 | ||
|---|---|---|---|
| 001 | s 13000051 | ||
| 003 | DLC | ||
| 005 | 20260227111910.0 | ||
| 008 | 780307s1859 dcubf f000 0 eng c | ||
| 010 | _as 13000051 | ||
| 035 | _a(OCoLC)3691923 | ||
| 040 |
_aSmithsonian Inst. Library _cNGenoU _dDLC |
||
| 042 | _apremarc | ||
| 043 |
_an-us-ks _an-us-nm |
||
| 050 | 0 | 0 |
_aQ11 _b.S68 |
| 100 | 1 |
_aLe Conte, John Lawrence, _d1825-1883. |
|
| 245 | 1 | 4 |
_aThe Coleoptera of Kansas and eastern New Mexico. _cBy John L. Le Conte. |
| 260 |
_a[Washington, _bSmithsonian Institution, _c1859] |
||
| 300 |
_avi, 58 p. _bfront. (map) 3 pl. _c33 cm. |
||
| 490 | 0 | _aSmithsonian contributions to knowledge. [vol. XI, art. 6] | |
| 490 | 0 | _aSmithsonian Institution publication 126. | |
| 650 | 0 | _aInsects. | |
| 650 | 0 |
_aBeetles _zKansas. |
|
| 650 | 0 |
_aBeetles _zNew Mexico. |
|
| 999 |
_c52622 _d52622 |
||